Titanic : (Record no. 523598)
[ view plain ]
| 000 -LEADER | |
|---|---|
| fixed length control field | 01103cam a22003133a 4500 |
| 001 - CONTROL NUMBER | |
| control field | 16960592 |
| 003 - CONTROL NUMBER IDENTIFIER | |
| control field | NUST |
| 005 - DATE AND TIME OF LATEST TRANSACTION | |
| control field | 20190515073702.0 |
| 008 - FIXED-LENGTH DATA ELEMENTS--GENERAL INFORMATION | |
| fixed length control field | 110914s1998 nyu 000 1 eng d |
| 010 ## - LIBRARY OF CONGRESS CONTROL NUMBER | |
| LC control number | 99480221 |
| 020 ## - INTERNATIONAL STANDARD BOOK NUMBER | |
| International Standard Book Number | 9780590331234 (pbk.) |
| 020 ## - INTERNATIONAL STANDARD BOOK NUMBER | |
| International Standard Book Number | 059033123X (pbk.) |
| 035 ## - SYSTEM CONTROL NUMBER | |
| System control number | (OCoLC)ocm38531222 |
| 038 ## - RECORD CONTENT LICENSOR | |
| Staff Name | waseem |
| 040 ## - CATALOGING SOURCE | |
| Original cataloging agency | OKM |
| Transcribing agency | OKM |
| Modifying agency | OCL |
| -- | SLC |
| -- | OCL |
| -- | OCLCQ |
| -- | UKM |
| -- | OCLCQ |
| -- | BAKER |
| -- | BTCTA |
| -- | NZLPP |
| -- | XFG |
| -- | TXSCH |
| -- | DLC |
| 042 ## - AUTHENTICATION CODE | |
| Authentication code | lccopycat |
| 050 00 - LIBRARY OF CONGRESS CALL NUMBER | |
| Classification number | CPB Box no. 1381 vol. 10 |
| 082 ## - DEWEY DECIMAL CLASSIFICATION NUMBER | |
| Classification number | 823 |
| Author Mark | HOH |
| 100 1# - MAIN ENTRY--PERSONAL NAME | |
| Personal name | Hoh, Diane. |
| 9 (RLIN) | 14300 |
| 245 10 - TITLE STATEMENT | |
| Title | Titanic : |
| Remainder of title | the long night / |
| Statement of responsibility, etc. | Diane Hoh. |
| 260 ## - PUBLICATION, DISTRIBUTION, ETC. | |
| Place of publication, distribution, etc. | N.Y. : |
| Name of publisher, distributor, etc. | Scholastic, |
| Date of publication, distribution, etc. | 1998. |
| 300 ## - PHYSICAL DESCRIPTION | |
| Extent | 373 p. ; |
| Dimensions | 17 cm. |
| 520 ## - SUMMARY, ETC. | |
| Summary, etc. | During the final hours aboard the Titanic on her ill-fated voyage in 1912, the helpless passengers find out who will survive the long night. |
| 655 #7 - INDEX TERM--GENRE/FORM | |
| Genre/form data or focus term | Movie novels. |
| Source of term | gsafd |
| 9 (RLIN) | 14301 |
| 710 2# - ADDED ENTRY--CORPORATE NAME | |
| Corporate name or jurisdiction name as entry element | Copyright Paperback Collection (Library of Congress) |
| Institution to which field applies | DLC |
| 9 (RLIN) | 1743 |
| 906 ## - LOCAL DATA ELEMENT F, LDF (RLIN) | |
| a | 7 |
| b | cbc |
| c | copycat |
| d | 2 |
| e | ncip |
| f | 20 |
| g | y-genrareb |
| 942 ## - ADDED ENTRY ELEMENTS (KOHA) | |
| Source of classification or shelving scheme | |
| Koha item type | Book |
| Withdrawn status | Lost status | Source of classification or shelving scheme | Damaged status | Not for loan | Permanent Location | Current Location | Date acquired | Total Checkouts | Full call number | Barcode | Date last seen | Price effective from | Koha item type |
|---|---|---|---|---|---|---|---|---|---|---|---|---|---|
| Central Library (CL) | Central Library (CL) | 05/15/2019 | 823 HOH | CL-E-2048 | 05/15/2019 | 05/15/2019 | Book |
